000 00323nam a2200133Ia 4500
005 20260326100026.0
008 260326s9999||||xx |||||||||||||| ||und||
100 _aArango, Jorge
245 0 _aArquitectura en Colombia /
_cJorge Arango
260 _bProa
300 _a120 p.
650 _aARQUITECTURA REGIONAL
942 _cBK
999 _c6417
_d6417